000 04797nas1a22007331i 4500
001 RU\NLR\INFOCOMM18\1000059423
005 20260407022759.0
011 _a0869-480X
035 _a(NLR Aleph) 002646126
090 _a3828711
_c3828711
100 _a20040113a19679999|||y0rusy50 ca
101 0 _arus
102 _aRU
110 _aaeu||||0|y0
200 1 _aВестник профсоюзов
_fВсеобщ. конфедерация профсоюзов СССР
210 _aМ.
_cПрофиздат
_d1967-
430 0 _1001rc\4458098
_12001#$aИнформационный бюллетень
_171002$3RU\NLR\AUTH\8810062677$aВЦСПС
_98767172
_aВЦСПС
_cМосква
_d1967-1990
_fВЦСПС
_nПрофиздат
_tИнформационный бюллетень
430 0 _1001rc\13776
_12001#$aИнформационный бюллетень
_171002$aВсеобщая конфедерация профсоюзов СССР$3RU\NLR\AUTH\8810008059
_96301868
_aВсеобщая конфедерация профсоюзов СССР
_cМ.
_d1991
_fВсеобщ. конфедерация профсоюзов СССР
_nПрофиздат
_tИнформационный бюллетень
517 1 _aИнформационный бюллетень Всесоюзного Центрального Совета профессиональных Союзов
712 0 2 _4570
_aВсеобщая конфедерация профсоюзов
_3RU\NLR\AUTH\8810008060
_9513860
712 0 2 _4570
_a"Всеобщая конфедерация профсоюзов", международное объединение
_3RU\NLR\AUTH\8810008058
_9513856
801 1 _aRU
_bInfoComm
_c20040113
801 0 _aRU
_bNLR
_gPSBO
801 2 _aRU
_bNLR
_c20080122
_2rusmarc
852 _aNLR
_jП23/2735
942 _cJOURNAL
980 _aRUSPER